Statistics for Formula 1 World Championship: Wins by Tyre Manufacturer.

Click here to take the quiz!

General Stats

  • This quiz has been taken 1,286 times
  • The average score is 5 of 8

Answer Stats

Number of winsCountryManufacturer% Correct
7ItalyPirelli
97%
11JapanBridgestone
88%
6FranceMichelin
87%
27United StatesGoodyear
70%
4United StatesFirestone
44%
8United KingdomDunlop
41%
2GermanyContinental
32%
2BelgiumEnglebert
13%

Score Distribution

Percentile by Number Answered

Percent of People with Each Score

Your Score History

You have not taken this quiz